000 00951nam a22002897a 4500
003 CHAP
005 20220329134224.0
008 971013s r 00010 d
010 _a17194
011 _a18166
035 _a22251
040 _cCHAP
090 _aFolleto 4336
100 0 0 _aJiménez Sánchez, Leobardo.
_961653
245 _aFilosofía y principios para la operación de programas enfocado hacia el aumento de la producción agrícola en zonas de minifundio
260 _a(s.l. :
_bs.e.),
_c(s.a.)
300 _a33 h.
590 _aBATCH-UPD
_b10
_c20130110
_lUCH01
_h2013
590 _aBATCH-UPD
_b10
_c20130410
_lUCH01
_h1332
590 _aBATCH-UPD
_b10
_c20130914
_lUCH01
_h1704
590 _aCONVERSION
_b10
_c20130109
_lUCH01
_h1311
650 1 4 _aAgricultura
_xInnovaciones tecnológicas.
_91565
650 1 4 _aPlan Puebla.
_988678
901 _aBK
942 _cFOLL
949 _aFolleto 4336
_bBC
_cFOLL
_d-52127
_eTS1
_i22251
_mD.
_si
999 _c17194
_d17194